Practical business math procedures / (Record no. 1214)
[ view plain ]
| 000 -LEADER | |
|---|---|
| fixed length control field | 00500nam a22001817a 4500 |
| 008 - FIXED-LENGTH DATA ELEMENTS--GENERAL INFORMATION | |
| fixed length control field | 151002b xxu||||| |||| 00| 0 eng d |
| 020 ## - INTERNATIONAL STANDARD BOOK NUMBER | |
| International Standard Book Number | 9780077572808 |
| 020 ## - INTERNATIONAL STANDARD BOOK NUMBER | |
| International Standard Book Number | 0077572807 |
| 041 0# - LANGUAGE CODE | |
| Language code of text/sound track or separate title | eng |
| 080 ## - UNIVERSAL DECIMAL CLASSIFICATION NUMBER | |
| Universal Decimal Classification number | 510 |
| 100 1# - Rafti | |
| Rafti | Slater, Jeffrey, |
| 245 10 - TITLE STATEMENT | |
| Title | Practical business math procedures / |
| Statement of responsibility, etc | Jeffrey Slater. |
| 250 ## - | |
| -- | Brief 10th ed. |
| 260 ## - | |
| -- | New York : |
| -- | McGraw-Hill/Irwin, |
| -- | 2011. |
| 300 ## - | |
| -- | xv, 307 f. : |
| -- | me il.; |
| -- | 30 cm. |
| 650 #0 - | |
| -- | Matematika për biznes |
| 942 ## - ADDED ENTRY ELEMENTS (KOHA) | |
| Source of classification or shelving scheme | |
| Item type | Books |
| Withdrawn status | Lost status | Source of classification or shelving scheme | Damaged status | Not for loan | Collection code | Permanent location | Current location | Shelving location | Date acquired | Total Checkouts | Full call number | Barcode | Date last seen | Koha item type | Price effective from |
|---|---|---|---|---|---|---|---|---|---|---|---|---|---|---|---|
| Koleksioni i përgjithshem | UBT - Lipjan | UBT - Lipjan | Koleksioni i përgjithshem | 10/02/2015 | 510 SLA | 002-008475 | 10/02/2015 | Books | |||||||
| Koleksioni i përgjithshem | UBT - Lipjan | UBT - Lipjan | Koleksioni i përgjithshem | 10/06/2015 | 510 SLA | 002-008476 | 10/06/2015 | Books | 10/06/2015 | ||||||
| Koleksioni i përgjithshem | UBT - Lipjan | UBT - Lipjan | Koleksioni i përgjithshem | 10/06/2015 | 510 SLA | 002-008477 | 10/06/2015 | Books | 10/06/2015 | ||||||
| Koleksioni i përgjithshem | UBT - Lipjan | UBT - Lipjan | Koleksioni i përgjithshem | 10/31/2017 | 33 SLO | 002-2935442 | 10/31/2017 | Books | 10/31/2017 |